00623nam a2200181Ia 4500008004100000020001800041041000800059082001600067100001600083245002700099260002300126300000800149365001600157700002800173906005200201999001900253952016900272230718s9999 xx 000 0 und d a9789352131327 aeng a005.43bMAT aMatthias K. aDocker Up And Running  c2015bSPD/O'Reilly a198 cRs.b450.00 aMatthias K. & Kane S.P. dO:0486015-Jan-2016B:45015-Jan-2016cCOMPb562.5 c341085d341085 00104070aCCEPbCCEPd2016-01-15eTechnical Book ServicesfCOMPg337.50i450l0o005.43pCCEP-BK-52292r2023-07-18 00:00:00t562.5v450.00w2016-01-15yBKz052292